[Event "Bunratty Masters 2020"]
[Site "Bunratty IRL"]
[Date "2020.02.22"]
[Round "4.23"]
[White "Fehr, Jukka"]
[Black "Mueller, Reinhard"]
[Result "0-1"]
[WhiteElo "1976"]
[BlackElo "2109"]
[WhiteNationality "FIN"]
[BlackNationality "GER"]
[WhiteFideId "4674693"]
[BlackFideId "4679172"]
[PlyCount "48"]
[EventDate "2020.02.21"]

{ Event information: <a
href="http://www.irlchess.com/bunratty2020_allfiles/pairings_bunratty2020.html">Tournament
report</a>. }

1. c4 e6 2. Nc3 d5 3. d4 c6 4. cxd5 exd5 5. Bf4 Bf5 6. Nf3 Qb6 7. Qd2 Nf6
8. a3 Nbd7 9. e3 Be7 10. Bd3 Bxd3 11. Qxd3 O-O 12. O-O h6 13. Nh4 Rfe8 14.
Nf5 Bf8 15. b4 a6 16. Rfb1 Qd8 17. Na4 Nb6 18. Nc5 Qc8 19. Ng3 Nc4 20. Qf5
b6 21. Qxc8 Rexc8 22. Nd3 Nd7 23. a4 g5 24. Be5 f6 0-1

[Event "Bunratty Masters 2020"]
[Site "Bunratty IRL"]
[Date "2020.02.22"]
[Round "4.24"]
[White "Steil-Antoni, Fiona"]
[Black "Murphy, Sean J."]
[Result "1/2-1/2"]
[WhiteTitle "WIM"]
[WhiteElo "2121"]
[BlackElo "1976"]
[BlackICU "1985"]
[BlackClub "Cork"]
[WhiteNationality "LUX"]
[BlackNationality "IRL"]
[WhiteFideId "4001249"]
[BlackFideId "2512742"]
[PlyCount "55"]
[EventDate "2020.02.21"]
[BlackFullName "Murphy, Se&aacute;n J."]

{ Event information: <a
href="http://www.irlchess.com/bunratty2020_allfiles/pairings_bunratty2020.html">Tournament
report</a>. }

1. e4 c5 2. Nc3 Nf6 3. e5 Ng8 4. Nf3 Nc6 5. Bc4 e6 6. O-O d6 7. exd6 Bxd6
8. d3 Nge7 9. Ne4 O-O 10. Nxd6 Qxd6 11. Ng5 Nf5 12. Qh5 h6 13. Ne4 Qe7 14.
g4 Qh4 15. Qxh4 Nxh4 16. Nxc5 Ne5 17. h3 b6 18. Ne4 Nxc4 19. dxc4 Bb7 20.
Nd2 Rad8 21. f4 Bg2 22. Rf2 Bxh3 23. Kh2 Bxg4 24. Kg3 Nf5+ 25. Kxg4 Ne3+
26. Kh3 Nxc2 27. Rb1 Nb4 28. Nf3 1/2-1/2

[Event "Bunratty Masters 2020"]
[Site "Bunratty IRL"]
[Date "2020.02.22"]
[Round "4.25"]
[White "Kennedy, John P. A."]
[Black "Venkatesan, Kavin"]
[Result "0-1"]
[WhiteElo "2041"]
[BlackElo "2027"]
[WhiteICU "1991"]
[BlackICU "2100"]
[WhiteClub "Dublin"]
[BlackClub "St. Benildus"]
[WhiteNationality "IRL"]
[BlackNationality "IRL"]
[WhiteFideId "2501120"]
[BlackFideId "2512602"]
[PlyCount "64"]
[EventDate "2020.02.21"]

{ Event information: <a
href="http://www.irlchess.com/bunratty2020_allfiles/pairings_bunratty2020.html">Tournament
report</a>. }

1. Nf3 c5 2. g3 Nf6 3. Bg2 g6 4. O-O Bg7 5. d3 O-O 6. e4 d6 7. Nbd2 Nc6 8.
c3 e5 9. Qe2 Ne8 10. Nb3 Be6 11. Be3 f5 12. Qd2 Nf6 13. Ng5 Qd7 14. Nxe6
Qxe6 15. exf5 gxf5 16. d4 cxd4 17. cxd4 e4 18. Rfd1 Nd5 19. Nc1 Rac8 20. a3
Nce7 21. Ne2 Nxe3 22. Qxe3 Bh6 23. Nf4 Qf7 24. d5 Nxd5 25. Qxa7 Nxf4 26.
gxf4 Bxf4 27. Kh1 Kh8 28. Rg1 Be5 29. Bf1 Qh5 30. h3 Qf3+ 31. Rg2 Qxh3+ 32.
Kg1 Rg8 0-1

[Event "Bunratty Masters 2020"]
[Site "Bunratty IRL"]
[Date "2020.02.23"]
[Round "5.1"]
[White "Short, Nigel"]
[Black "Lopez, Alex"]
[Result "1-0"]
[WhiteTitle "GM"]
[BlackTitle "IM"]
[WhiteElo "2626"]
[BlackElo "2441"]
[BlackICU "2453"]
[BlackClub "Cork"]
[WhiteNationality "ENG"]
[BlackNationality "IRL"]
[WhiteFideId "400025"]
[BlackFideId "2501430"]
[PlyCount "63"]
[EventDate "2020.02.21"]

{ Event information: <a
href="http://www.irlchess.com/bunratty2020_allfiles/pairings_bunratty2020.html">Tournament
report</a>. }

1. d4 Nf6 2. Nc3 d5 3. Bf4 e6 4. Nb5 Na6 5. e3 c6 6. Nc3 Nb8 7. Nf3 a6 8.
Ne5 c5 9. Qf3 Nc6 10. O-O-O Bd6 11. h4 Qc7 12. Bb5 O-O 13. Bxc6 bxc6 14. h5
Nd7 15. h6 Bxe5 16. hxg7 Bxf4 17. gxf8=Q+ Nxf8 18. Qxf4 Qxf4 19. exf4 cxd4
20. Na4 Rb8 21. Rxd4 a5 22. b3 Nd7 23. Rd3 Rb4 24. Rg3+ Kh8 25. Rgh3 Nf6
26. Rh4 Bd7 27. Nc5 Be8 28. Nd3 Re4 29. g4 Kg8 30. g5 Nd7 31. Rxh7 Kf8 32.
Kd2 1-0

[Event "Bunratty Masters 2020"]
[Site "Bunratty IRL"]
[Date "2020.02.23"]
[Round "5.2"]
[White "Arkell, Keith"]
[Black "Paehtz, Elisabeth"]
[Result "1/2-1/2"]
[WhiteTitle "GM"]
[BlackTitle "IM"]
[WhiteElo "2454"]
[BlackElo "2472"]
[WhiteNationality "ENG"]
[BlackNationality "GER"]
[WhiteFideId "400270"]
[BlackFideId "4641833"]
[PlyCount "68"]
[EventDate "2020.02.21"]
[BlackFullName "P&auml;htz, Elisabeth"]

{ Event information: <a
href="http://www.irlchess.com/bunratty2020_allfiles/pairings_bunratty2020.html">Tournament
report</a>. }

1. d4 Nf6 2. Nf3 g6 3. c4 Bg7 4. Nc3 O-O 5. g3 d6 6. Bg2 Nc6 7. O-O e5 8.
dxe5 dxe5 9. Bg5 Be6 10. Nd5 Bxd5 11. cxd5 Qxd5 12. Qxd5 Nxd5 13. Nxe5 Nxe5
14. Bxd5 c6 15. Bb3 a5 16. a4 Nd7 17. Rab1 Nc5 18. Bc2 Ne6 19. Be3 Bd4 20.
Bd2 Rfd8 21. Rfd1 Bc5 22. Bc3 Nd4 23. Bxd4 Rxd4 24. Rxd4 Bxd4 25. b4 b6 26.
bxa5 Rxa5 27. e3 Bc5 28. Rd1 Be7 29. Rd7 Kf8 30. Rb7 b5 31. axb5 cxb5 32.
Bb3 b4 33. Rb8+ Kg7 34. Rb7 Kf8 1/2-1/2

[Event "Bunratty Masters 2020"]
[Site "Bunratty IRL"]
[Date "2020.02.23"]
[Round "5.3"]
[White "Lalic, Bogdan"]
[Black "Brady, Stephen"]
[Result "1/2-1/2"]
[WhiteTitle "GM"]
[BlackTitle "FM"]
[WhiteElo "2400"]
[BlackElo "2288"]
[BlackICU "2268"]
[BlackClub "St. Benildus"]
[WhiteNationality "CRO"]
[BlackNationality "IRL"]
[WhiteFideId "409081"]
[BlackFideId "2500124"]
[PlyCount "45"]
[EventDate "2020.02.21"]
[WhiteFullName "Lali&#263;, Bogdan"]

{ Event information: <a
href="http://www.irlchess.com/bunratty2020_allfiles/pairings_bunratty2020.html">Tournament
report</a>. }

1. d4 Nf6 2. c4 e6 3. Nf3 b6 4. g3 Ba6 5. b3 b5 6. Nbd2 bxc4 7. bxc4 Bb4 8.
Bg2 Bxc4 9. Rb1 Bxd2+ 10. Nxd2 Bd5 11. e4 Bc6 12. Qb3 d5 13. e5 Nfd7 14.
Ba3 a6 15. O-O Bb5 16. Rfc1 Nb6 17. f4 Nc6 18. Qc3 Na4 19. Qe3 Ne7 20. Nb3
O-O 21. Nc5 Nxc5 22. Bxc5 Qd7 23. Qa3 1/2-1/2

[Event "Bunratty Masters 2020"]
[Site "Bunratty IRL"]
[Date "2020.02.23"]
[Round "5.4"]
[White "Fitzsimons, David"]
[Black "Mannion, Stephen R."]
[Result "1/2-1/2"]
[WhiteTitle "IM"]
[BlackTitle "IM"]
[WhiteElo "2328"]
[BlackElo "2266"]
[WhiteICU "2341"]
[WhiteClub "Elm Mount"]
[WhiteNationality "IRL"]
[BlackNationality "SCO"]
[WhiteFideId "2501961"]
[BlackFideId "2400111"]
[PlyCount "67"]
[EventDate "2020.02.21"]

{ Event information: <a
href="http://www.irlchess.com/bunratty2020_allfiles/pairings_bunratty2020.html">Tournament
report</a>. }

1. e4 e5 2. Nf3 Nc6 3. Bc4 Bc5 4. c3 Nf6 5. d4 exd4 6. e5 d5 7. Be2 Ne4 8.
cxd4 Bb4+ 9. Bd2 Bxd2+ 10. Nbxd2 O-O 11. O-O Bg4 12. h3 Bh5 13. a3 f5 14.
Nb3 Qe7 15. Nfd2 Bxe2 16. Qxe2 Nd8 17. Nxe4 fxe4 18. f3 exf3 19. Rxf3 Ne6
20. Raf1 c6 21. Qd2 Rxf3 22. Rxf3 Rf8 23. Rxf8+ Qxf8 24. Qa5 Qf4 25. Qb4 h6
26. Qxb7 Nxd4 27. Qb8+ Kh7 28. Nxd4 Qxd4+ 29. Kh1 Qe3 30. Qd6 Qc1+ 31. Kh2
Qf4+ 32. Kh1 Qc1+ 33. Kh2 Qf4+ 34. Kh1 1/2-1/2

[Event "Bunratty Masters 2020"]
[Site "Bunratty IRL"]
[Date "2020.02.23"]
[Round "5.5"]
[White "Li, Henry"]
[Black "Turner, Matthew"]
[Result "1/2-1/2"]
[WhiteTitle "FM"]
[BlackTitle "GM"]
[WhiteElo "2310"]
[BlackElo "2516"]
[WhiteICU "2295"]
[WhiteClub "Gonzaga"]
[WhiteNationality "IRL"]
[BlackNationality "SCO"]
[WhiteFideId "2508524"]
[BlackFideId "402893"]
[PlyCount "120"]
[EventDate "2020.02.21"]

{ Event information: <a
href="http://www.irlchess.com/bunratty2020_allfiles/pairings_bunratty2020.html">Tournament
report</a>. }

1. e4 c5 2. Nf3 g6 3. d4 cxd4 4. Nxd4 Bg7 5. Nc3 Nc6 6. Be3 Nf6 7. Bc4 O-O
8. Bb3 a5 9. Ndb5 a4 10. Nxa4 Qa5+ 11. Nac3 Nxe4 12. Qd3 Nxc3 13. Nxc3 d5
14. Bd2 Bf5 15. Qxd5 Qxd5 16. Nxd5 Bxb2 17. Rd1 Be4 18. O-O Bxd5 19. Bxd5
Bg7 20. Bg5 e6 21. Bb3 h6 22. Be3 Rfc8 23. Rd7 Na5 24. Rfd1 b5 25. g3 g5
26. g4 Bf8 27. Ra7 Rxa7 28. Bxa7 Bc5 29. Bxc5 Rxc5 30. Rd7 Nc4 31. h3 Ne5
32. Rb7 Ng6 33. a4 bxa4 34. Bxa4 Nf4 35. Kh2 Rc4 36. Be8 Kf8 37. Bxf7 Rxc2
38. Bh5 Nxh5 39. gxh5 Rxf2+ 40. Kg3 Rf7 41. Rb8+ Ke7 42. Rh8 Rf6 43. h4
gxh4+ 44. Kxh4 e5 45. Kg4 Kf7 46. Rh7+ Ke6 47. Rg7 Rf4+ 48. Kg3 Rf7 49. Rg8
Rf1 50. Rg6+ Rf6 51. Rg8 Kd5 52. Rg6 Ke6 53. Rg8 Kf7 54. Rh8 Kg7 55. Re8
Rf5 56. Kg4 Rf4+ 57. Kg3 Kf7 58. Rh8 Rf6 59. Kg4 e4 60. Ra8 e3 1/2-1/2

[Event "Bunratty Masters 2020"]
[Site "Bunratty IRL"]
[Date "2020.02.23"]
[Round "5.6"]
[White "Williams, Simon"]
[Black "Kanyamarala, Tarun"]
[Result "1-0"]
[WhiteTitle "GM"]
[BlackTitle "FM"]
[WhiteElo "2473"]
[BlackElo "2349"]
[BlackICU "2275"]
[BlackClub "Balbriggan"]
[WhiteNationality "ENG"]
[BlackNationality "IRL"]
[WhiteFideId "468533"]
[BlackFideId "45004714"]
[PlyCount "41"]
[EventDate "2020.02.21"]

{ Event information: <a
href="http://www.irlchess.com/bunratty2020_allfiles/pairings_bunratty2020.html">Tournament
report</a>. }

1. b3 e5 2. Bb2 Nc6 3. e3 Nf6 4. Bb5 e4 5. f3 Nh5 6. Nh3 a6 7. Bxc6 dxc6 8.
Nf2 exf3 9. Qxf3 Nf6 10. Nc3 Be6 11. Nce4 Nxe4 12. Nxe4 Qh4+ 13. g3 Qg4 14.
Qxg4 Bxg4 15. O-O h6 16. Be5 Rc8 17. b4 Rg8 18. Rab1 Bh5 19. d3 b6 20. a4
Bg6 21. Nd2 { ... ? } 1-0

[Event "Bunratty Masters 2020"]
[Site "Bunratty IRL"]
[Date "2020.02.23"]
[Round "5.7"]
[White "Baburin, Alexander"]
[Black "Rawlinson, Aidan"]
[Result "1/2-1/2"]
[WhiteTitle "GM"]
[WhiteElo "2418"]
[BlackElo "2181"]
[WhiteICU "2386"]
[WhiteClub "Kilkenny"]
[WhiteNationality "IRL"]
[BlackNationality "ENG"]
[WhiteFideId "2500914"]
[BlackFideId "413496"]
[PlyCount "41"]
[EventDate "2020.02.21"]

{ Event information: <a
href="http://www.irlchess.com/bunratty2020_allfiles/pairings_bunratty2020.html">Tournament
report</a>. }

1. d4 g6 2. Nf3 Bg7 3. c4 Nf6 4. g3 O-O 5. Bg2 d6 6. O-O Nc6 7. Nc3 e5 8.
d5 Nb8 9. Ne1 a5 10. Rb1 Nfd7 11. Nd3 Na6 12. a3 f5 13. e4 Ndc5 14. Nxc5
Nxc5 15. b4 axb4 16. axb4 Nxe4 17. Nxe4 fxe4 18. Bxe4 Bf5 19. f3 Bxe4 20.
fxe4 Ra2 21. Be3 1/2-1/2

[Event "Bunratty Masters 2020"]
[Site "Bunratty IRL"]
[Date "2020.02.23"]
[Round "5.8"]
[White "Hort, Vlastimil"]
[Black "Baker, Chris W."]
[Result "1-0"]
[WhiteTitle "GM"]
[BlackTitle "IM"]
[WhiteElo "2400"]
[BlackElo "2234"]
[WhiteNationality "GER"]
[BlackNationality "ENG"]
[WhiteFideId "4600029"]
[BlackFideId "401676"]
[PlyCount "84"]
[EventDate "2020.02.21"]

{ Event information: <a
href="http://www.irlchess.com/bunratty2020_allfiles/pairings_bunratty2020.html">Tournament
report</a>. }

1. d4 d5 2. Nf3 Nf6 3. Bf4 e6 4. e3 Bd6 5. Bg3 c5 6. c3 Nc6 7. Nbd2 O-O 8.
Bd3 b6 9. Ne5 Bb7 10. f4 Ne7 11. Bh4 Ne4 12. Bxe4 dxe4 13. Nec4 cxd4 14.
Nxd6 Qxd6 15. Nc4 Qc7 16. Bxe7 Qxe7 17. exd4 Qh4+ 18. g3 Qh3 19. Ne3 Rfd8
20. Qe2 Rac8 21. Kf2 f6 22. Rad1 g5 23. Qf1 Qh5 24. Ke1 Qf3 25. Qxf3 exf3
26. Kf2 gxf4 27. gxf4 Kf7 28. Rhg1 Rg8 29. Rg3 Be4 30. Nf1 Rg6 31. Nd2 Bd5
32. Nxf3 a5 33. a3 b5 34. Rc1 b4 35. Nd2 bxa3 36. bxa3 Rh6 37. h3 Rh4 38.
Ke3 e5 39. fxe5 fxe5 40. Rf1+ Ke6 41. Kd3 exd4 42. cxd4 Ke7 1-0

[Event "Bunratty Masters 2020"]
[Site "Bunratty IRL"]
[Date "2020.02.23"]
[Round "5.9"]
[White "Bates, Richard"]
[Black "Pein, Jonathan"]
[Result "1-0"]
[WhiteTitle "IM"]
[WhiteElo "2366"]
[BlackElo "2160"]
[WhiteNationality "ENG"]
[BlackNationality "ENG"]
[WhiteFideId "403555"]
[BlackFideId "417092"]
[PlyCount "87"]
[EventDate "2020.02.21"]

{ Event information: <a
href="http://www.irlchess.com/bunratty2020_allfiles/pairings_bunratty2020.html">Tournament
report</a>. }

1. d4 Nf6 2. Nf3 g6 3. g3 b6 4. Bg2 Bb7 5. c4 Bg7 6. O-O O-O 7. d5 Ne4 8.
Qc2 f5 9. Nfd2 Nd6 10. Nc3 c6 11. Qb3 cxd5 12. c5 Nf7 13. Nxd5 Nc6 14. cxb6
Nd4 15. Qd1 Ba6 16. Nc3 axb6 17. Nb3 Nc6 18. Be3 Nfe5 19. Nd4 Nc4 20. Nxc6
dxc6 21. Qb3 Qc7 22. Rad1 Kh8 23. Bc1 e5 24. Qc2 e4 25. b3 Ne5 26. Nd5 Qb8
27. Nf4 Qe8 28. Rd6 Qe7 29. Re6 Qf7 30. Bb2 g5 31. Rxe5 gxf4 32. gxf4 Rg8
33. Kh1 Qh5 34. f3 Bf6 35. Qxc6 Raf8 36. Rg1 Bxe2 37. Rxe4 Bxb2 38. Rxe2
Rg6 39. Re6 Bf6 40. Re8 Rgg8 41. Rxf8 Rxf8 42. Bf1 Qh6 43. Bc4 $18 Bd4 $4
44. Qxh6 1-0

[Event "Bunratty Masters 2020"]
[Site "Bunratty IRL"]
[Date "2020.02.23"]
[Round "5.10"]
[White "Heidenfeld, Mark"]
[Black "O'Connor, Jonathan"]
[Result "1/2-1/2"]
[WhiteTitle "IM"]
[WhiteElo "2361"]
[BlackElo "2161"]
[WhiteICU "2297"]
[BlackICU "2110"]
[WhiteClub "Kilkenny"]
[BlackClub "Dublin"]
[WhiteNationality "IRL"]
[BlackNationality "IRL"]
[WhiteFideId "2500990"]
[BlackFideId "2501112"]
[PlyCount "35"]
[EventDate "2020.02.21"]

{ Event information: <a
href="http://www.irlchess.com/bunratty2020_allfiles/pairings_bunratty2020.html">Tournament
report</a>. }

1. e4 e5 2. Nf3 Nc6 3. Bb5 a6 4. Ba4 Nf6 5. Bxc6 dxc6 6. O-O Bd6 7. d4 Nd7
8. dxe5 Nxe5 9. Nxe5 Bxe5 10. Qxd8+ Kxd8 11. Rd1+ Bd7 12. Nd2 Ke8 13. Nb3
b6 14. f4 Bf6 15. e5 Be7 16. Be3 c5 17. Rd2 a5 18. Rad1 1/2-1/2

[Event "Bunratty Masters 2020"]
[Site "Bunratty IRL"]
[Date "2020.02.23"]
[Round "5.11"]
[White "Kanyamarala, Trisha"]
[Black "Wallace, Paul"]
[Result "1-0"]
[WhiteTitle "WFM"]
[WhiteElo "2299"]
[BlackElo "2155"]
[WhiteICU "2197"]
[BlackICU "2145"]
[WhiteClub "Balbriggan"]
[BlackClub "Kilkenny"]
[WhiteNationality "IRL"]
[BlackNationality "IRL"]
[WhiteFideId "45004722"]
[BlackFideId "2500892"]
[PlyCount "86"]
[EventDate "2020.02.21"]

{ Event information: <a
href="http://www.irlchess.com/bunratty2020_allfiles/pairings_bunratty2020.html">Tournament
report</a>. }

1. d4 Nf6 2. c4 g6 3. Nc3 Bg7 4. e4 d6 5. h3 O-O 6. Be3 e5 7. d5 c6 8. Qd2
cxd5 9. cxd5 a6 10. a4 Qa5 11. Bd3 Nbd7 12. Nge2 Nc5 13. Bc2 Qb4 14. O-O
Bd7 15. Nc1 a5 16. N1a2 Qb6 17. Rab1 Rfc8 18. b4 axb4 19. Rxb4 Qa5 20. Rfb1
b6 21. Qd1 Rab8 22. R1b2 Be8 23. Qb1 Nfd7 24. Bd2 Bf8 25. Nc1 Qa7 26. N1e2
Be7 27. Ng3 Qa8 28. Nf1 Na6 29. R4b3 Nac5 30. Ra3 Nb7 31. Be3 Na5 32. Nd2
Qa6 33. Bd3 Qa7 34. Bb5 Bd8 35. Qf1 Be7 36. Ba6 Rd8 37. Bb5 Rdc8 38. Qb1
Bd8 39. Na2 Kf8 40. Nb4 Nc5 41. Bh6+ Ke7 42. Bg5+ Kf8 43. Bxd8 Rxd8 $14 {
... ? } 1-0

[Event "Bunratty Masters 2020"]
[Site "Bunratty IRL"]
[Date "2020.02.23"]
[Round "5.12"]
[White "Wall, Tim"]
[Black "Van der Zwet, Bart"]
[Result "1/2-1/2"]
[WhiteTitle "FM"]
[WhiteElo "2201"]
[BlackElo "2092"]
[WhiteNationality "ENG"]
[BlackNationality "NED"]
[WhiteFideId "401641"]
[BlackFideId "1004204"]
[PlyCount "113"]
[EventDate "2020.02.21"]
[BlackFullName "van der Zwet, Bart"]

{ Event information: <a
href="http://www.irlchess.com/bunratty2020_allfiles/pairings_bunratty2020.html">Tournament
report</a>. }

1. e4 b6 2. d4 Bb7 3. Bd3 g6 4. Nf3 Bg7 5. O-O d6 6. Re1 Nd7 7. c3 e5 8.
Nbd2 Ne7 9. Nf1 O-O 10. Ng3 Qc8 11. Bg5 Nc6 12. Bc2 Nd8 13. Qd2 Re8 14.
Rad1 Ne6 15. Bh6 Qd8 16. Ba4 f6 17. h4 Re7 18. Be3 Qf8 19. h5 Qf7 20. h6
Bh8 21. Bb3 Rae8 22. Qc2 Kf8 23. Re2 Rd8 24. Red2 Qe8 25. Nh2 Rf7 26. f3
Qe7 27. Rf2 Ke8 28. f4 exf4 29. Bxf4 Rf8 30. Bd2 Rc8 31. Re1 Nd8 32. Ng4
Nc6 33. Ne3 Na5 34. Nd5 Qd8 35. Ba4 c6 36. Nf4 Rf7 37. Qd3 b5 38. Bc2 Nf8
39. Rfe2 Nc4 40. Bc1 Re7 41. b3 Nb6 42. Ba3 Rcc7 43. Qf3 Qd7 44. Nd3 Rf7
45. Qe3 Ne6 46. Nf5 Nc8 47. Qg3 c5 48. Bb1 a5 49. Bb2 Kf8 50. Ne3 Bxe4 51.
Nxc5 Nxc5 52. dxc5 Bxb1 53. Rxb1 dxc5 54. Rd1 Qe8 55. Red2 Rcd7 56. c4 Qd8
57. Nd5 1/2-1/2

[Event "Bunratty Masters 2020"]
[Site "Bunratty IRL"]
[Date "2020.02.23"]
[Round "5.13"]
[White "Reyer, Ulli"]
[Black "Fromm, Marius"]
[Result "0-1"]
[WhiteElo "2092"]
[BlackElo "2189"]
[WhiteNationality "GER"]
[BlackNationality "GER"]
[WhiteFideId "4633350"]
[BlackFideId "12993190"]
[PlyCount "32"]
[EventDate "2020.02.21"]

{ Event information: <a
href="http://www.irlchess.com/bunratty2020_allfiles/pairings_bunratty2020.html">Tournament
report</a>. }

1. e4 e5 2. Nf3 Nc6 3. Bc4 Bc5 4. c3 Nf6 5. d3 a6 6. Bb3 Ba7 7. O-O d6 8.
Re1 O-O 9. h3 h6 10. Nbd2 Nh5 11. Nf1 Qf6 12. Ne3 Nf4 13. Nd5 Nxd5 14. exd5
Ne7 15. d4 exd4 16. Nxd4 Bd7 $10 { ... ? } 0-1

[Event "Bunratty Masters 2020"]
[Site "Bunratty IRL"]
[Date "2020.02.23"]
[Round "5.14"]
[White "McMorrow, John"]
[Black "Murray, David"]
[Result "1/2-1/2"]
[WhiteElo "1986"]
[BlackElo "2145"]
[WhiteICU "1988"]
[BlackICU "2138"]
[WhiteClub "Gonzaga"]
[BlackClub "Gonzaga"]
[WhiteNationality "IRL"]
[BlackNationality "IRL"]
[WhiteFideId "2501481"]
[BlackFideId "2501511"]
[PlyCount "81"]
[EventDate "2020.02.21"]

{ Event information: <a
href="http://www.irlchess.com/bunratty2020_allfiles/pairings_bunratty2020.html">Tournament
report</a>. }

1. Nf3 Nf6 2. c4 e6 3. d4 d5 4. Nc3 dxc4 5. e4 Bb4 6. Bg5 c5 7. Bxc4 Qa5 8.
Bd2 cxd4 9. Nxd4 O-O 10. Qe2 Nbd7 11. Nb3 Qc7 12. f4 e5 13. O-O Nc5 14. Nb5
Qb6 15. Be3 Ng4 16. fxe5 Nxe3 17. Qxe3 Nxe4 18. Qxb6 axb6 19. Nc7 Rb8 20.
Rf4 Nd2 21. Nd5 Nxb3 22. Bxb3 Bc5+ 23. Kh1 Be6 24. Rf3 Rbd8 25. Nf4 Bxb3
26. Rxb3 Rd2 27. g3 Re8 28. Re1 Bd4 29. Rd3 Rxd3 30. Nxd3 Kf8 31. Re4 Bc5
32. b4 Be7 33. Kg2 Rc8 34. Nf4 Rc2+ 35. Kh3 Ke8 36. a4 Rd2 37. b5 Bc5 38.
e6 f5 39. Re5 g6 40. Nd5 Bg1 41. g4 1/2-1/2

[Event "Bunratty Masters 2020"]
[Site "Bunratty IRL"]
[Date "2020.02.23"]
[Round "5.15"]
[White "Shanel, Jaroslav"]
[Black "Flynn, Jacob"]
[Result "1-0"]
[WhiteElo "2138"]
[BlackElo "2105"]
[BlackICU "2108"]
[BlackClub "Malahide"]
[WhiteNationality "CZE"]
[BlackNationality "IRL"]
[WhiteFideId "318671"]
[BlackFideId "2509393"]
[PlyCount "60"]
[EventDate "2020.02.21"]

{ Event information: <a
href="http://www.irlchess.com/bunratty2020_allfiles/pairings_bunratty2020.html">Tournament
report</a>. }

1. e4 e5 2. Nf3 Nc6 3. Bb5 a6 4. Ba4 Nf6 5. d4 exd4 6. O-O Be7 7. e5 Nd5 8.
c3 Nb6 9. cxd4 Nxa4 10. Qxa4 d5 11. h3 Be6 12. a3 Qd7 13. Nc3 Rg8 14. Qb3
g5 15. Qxb7 Rb8 16. Qxa6 h5 17. Qa4 Rb6 18. Be3 Bxh3 19. gxh3 Qxh3 20. Nh2
g4 21. Bf4 h4 22. Ne2 g3 23. fxg3 hxg3 24. Nxg3 Rxg3+ 25. Bxg3 Qxg3+ 26.
Kh1 Rxb2 27. Qxc6+ Kf8 28. Qh6+ Ke8 29. Rg1 Qd3 30. Qc6+ Kf8 1-0

[Event "Bunratty Masters 2020"]
[Site "Bunratty IRL"]
[Date "2020.02.23"]
[Round "5.16"]
[White "Kolb, Markus"]
[Black "Lange, Jannis"]
[Result "0-1"]
[WhiteElo "2025"]
[BlackElo "2126"]
[WhiteNationality "GER"]
[BlackNationality "GER"]
[WhiteFideId "4690524"]
[BlackFideId "12993107"]
[PlyCount "58"]
[EventDate "2020.02.21"]

{ Event information: <a
href="http://www.irlchess.com/bunratty2020_allfiles/pairings_bunratty2020.html">Tournament
report</a>. }

1. c4 Nf6 2. g3 c6 3. Bg2 d5 4. Nf3 g6 5. O-O Bg7 6. cxd5 cxd5 7. d4 O-O 8.
Nc3 Ne4 9. Bf4 Nc6 10. Rc1 Bf5 11. e3 Nxc3 12. Rxc3 Be4 13. Qb3 Qd7 14.
Rfc1 f6 15. h4 Kh8 16. Rc5 Rac8 17. Qb5 a6 18. Qa4 Rce8 19. Qd1 e5 20. dxe5
fxe5 21. Nxe5 Nxe5 22. Bxe4 dxe4 23. Qxd7 Nxd7 24. Rc7 Ne5 25. Bxe5 Bxe5
26. Rxb7 Rf6 27. Rc4 Bd6 28. Rc6 Be5 29. Rc4 Bb8 0-1

[Event "Bunratty Masters 2020"]
[Site "Bunratty IRL"]
[Date "2020.02.23"]
[Round "5.17"]
[White "Mueller, Reinhard"]
[Black "Manojlovic, Mihailo"]
[Result "1/2-1/2"]
[WhiteElo "2109"]
[BlackElo "2024"]
[BlackICU "2038"]
[BlackClub "St. Benildus"]
[WhiteNationality "GER"]
[BlackNationality "IRL"]
[WhiteFideId "4679172"]
[BlackFideId "2507633"]
[PlyCount "84"]
[EventDate "2020.02.21"]

{ Event information: <a
href="http://www.irlchess.com/bunratty2020_allfiles/pairings_bunratty2020.html">Tournament
report</a>. }

1. d4 Nf6 2. Nc3 d5 3. Bf4 a6 4. e3 e6 5. Bd3 c5 6. dxc5 Bxc5 7. Nf3 O-O 8.
g4 Nc6 9. Ne5 Nd7 10. Nxd7 Qxd7 11. Bg3 Rd8 12. Qd2 e5 13. Bf5 Qd6 14.
O-O-O Ne7 15. e4 d4 16. Ne2 Be6 17. Bxe6 Qxe6 18. Kb1 Nc6 19. Rhg1 Nb4 20.
Nc1 Rdc8 21. a3 Nc6 22. Nd3 Bd6 23. f4 exf4 24. Bxf4 b5 25. Bxd6 Qxd6 26.
Qf4 Qe7 27. Qf5 b4 28. a4 Qc7 29. Rg2 b3 30. cxb3 Qb6 31. Nc1 Nb4 32. Rgd2
Rc5 33. Qf4 g5 34. Qf3 Rac8 35. Nd3 Rc2 36. Rxc2 Nxc2 37. Qf5 Na3+ 38. Ka2
Rb8 39. Qxg5+ Kh8 40. Qe5+ Kg8 41. Nc5 Nc2 42. Qg5+ Kh8 1/2-1/2